Max Verstappen quiz - Statistics

General Stats
  • This quiz has been taken 88 times
  • The average score is 9 of 15
Answer Stats
Hint Answer % Correct
Race Number 33
96%
nationality Dutch
96%
First year in F1 2015
80%
Second Team Red Bull
80%
Grand slams 5
76%
Sprint wins 12
67%
DNF's 33
66%
Wins 65
66%
First Team Toro Rosso
61%
Pole's 44
57%
Fastest Laps 34
46%
Podiums 117
40%
Place of birth Hasselt
24%
Grand prix 223
17%
Points 3210,5
0%
No matching quizzes found
Score Distribution
Percent of People with Each Score
Percentile by Number Answered
Your Score History
You have not taken this quiz